000
00227nam a22000857a 4500
008
160630b xxu||||| |||| 00| 0 eng d
100
_9
1522
_a
Pal, S., et al
245
_a
Yogasanas & Sadhana
260
_a
New Delhi
_b
Pustak Mahal
_c
2003
999
_c
1261
_d
1261